| Поле | Инд. | ПП | Название | Значение |
|---|---|---|---|---|
| Тип записи | a | |||
| Библиографический уровень | b | |||
| 001 | Контрольный номер | RU/IS/BASE/421862515 | ||
| 005 | Дата корректировки | 20220420085403.7 | ||
| 008 | Кодируемые данные | 20130514 | ||
| 084 | a | Индекс другой классификации/Индекс ББК | 60.80; 66.033.141 | |
| 100 | 1_ | a | Автор | Вест В. Ф. |
| q | Полное имя | Вест Уильям Ф.; West William F. | ||
| u | Дополнение к имени | West W. F. | ||
| 245 | 00 | a | Заглавие | Поиск теории структуры государственного управления |
| c | Ответственность | перевод с английского Э. Г. Зверевой | ||
| 246 | 01 | a | Другая форма заглавия | Searching for a Theory of Bureaucratic Structure |
| 500 | a | Примечание | Печатается по: West, William F. Searching for a Theory of Bureaucratic Structure. - Journal of Public Administration Research and Theory, 1997, 7 (4). P. 591 - 614 | |
| 500 | a | Примечание | Примечание | |
| 504 | a | Библиография | Лит.: с. 156 - 158 | |
| 520 | 0_ | a | Аннотация | Участвуя в распределении дефицитных ресурсов, госучреждения выражают интересы правящих политических сил. Однако теорий, которые объясняли бы бюрократическую структуру как отражение политики, очень мало. Они не объясняют, какие интересы лежат в основе конкретных институциональных решений. В будущих исследованиях следует заняться идентификацией контекстуальных переменных, которые обусловливают тот или иной институциональный выбор в процессе управления. |
| 650 | 04 | a | Основная рубрика | политика |
| a | Основная рубрика | политология | ||
| a | Основная рубрика | социальное управление | ||
| a | Основная рубрика | теория социального управления | ||
| 653 | 0_ | a | Ключевые слова | бюрократия |
| a | Ключевые слова | государственное управление | ||
| a | Ключевые слова | государственные учреждения | ||
| a | Ключевые слова | групповые интересы | ||
| a | Ключевые слова | законодательные органы власти | ||
| a | Ключевые слова | институциональные интересы | ||
| a | Ключевые слова | институциональные решения | ||
| a | Ключевые слова | исполнительная власть | ||
| a | Ключевые слова | Конгресс США | ||
| a | Ключевые слова | организация управления | ||
| a | Ключевые слова | политический контроль | ||
| a | Ключевые слова | полномочия президента | ||
| a | Ключевые слова | президент | ||
| a | Ключевые слова | президентская власть | ||
| a | Ключевые слова | суд | ||
| a | Ключевые слова | США | ||
| a | Ключевые слова | теория рационального выбора | ||
| 700 | 12 | a | Автор | Зверева Э. Г. |
| e | Роль лиц | переводчик | ||
| 773 | 18 | t | Заглавие источника | Вопросы государственного и муниципального управления |
| d | Дата издания источника | 2012 | ||
| g | Прочая информация | № 4. - С. 136 - 159 | ||
| w | Контрольный № источника | RU/IS/BASE/414172742 | ||
| 901 | t | Тип документа | b |